Le theatre de minuit
Αποθηκεύτηκε σε:
| Κύριος συγγραφέας: | |
|---|---|
| Μορφή: | Βιβλίο |
| Γλώσσα: | French |
| Δημοσίευση: |
[s.l.] :
Nord-Sud,
1993
|
| Θέματα: | |
| Ετικέτες: |
Προσθήκη ετικέτας
Δεν υπάρχουν, Καταχωρήστε ετικέτα πρώτοι!
|
MARC
| LEADER | 00000nam a2200000 i 4500 | ||
|---|---|---|---|
| 001 | 1/21982 | ||
| 008 | 970710s1993 fre d | ||
| 020 | |a 3-314-20794-8 | ||
| 035 | |a 1995 |b 2 |c Ζερβού |l 10036443 | ||
| 040 | |a GR-MY-UA |b gre |e aacr | ||
| 041 | 0 | |a fre | |
| 082 | 0 | |a 372.66 | |
| 100 | 1 | |a Pacovska, Kveta. | |
| 245 | 1 | 3 | |a Le theatre de minuit / |c Kveta Pacovska |
| 260 | |a [s.l.] : |b Nord-Sud, |c 1993 | ||
| 650 | 0 | 0 | |a Drama in education. |
| 650 | 0 | 0 | |a Children's plays. |
| 852 | |a INST |b RHODES |e 19970710 |h 372.66 PAC |p 005400005440 |q 005400005440 |t BK |y 0 | ||
| 909 | |a Ρ |b 041912 |c 1995 | ||
| 970 | |z 2000/08/ΔΕΜΕΝΑΓΑΣ ΠΕΤΡΟΣ | ||